000 00626nam a2200241Ia 4500
003 OSt
005 20221005120154.0
006 a|||||r|||| 00| 0
007 ta
008 221004b |||||||| |||| 00| 0 eng d
024 _a60453
037 _cTextual
040 _aCRL
_cCRL
_beng
041 _2eng
_aeng
082 _aV2:7g, F4
110 _aNagpur Museum. Archaeological Section.
_9628647
245 0 _aDescriptive list of exhibits
260 _c1924
650 _aHISTORY
700 _aNagpur Museum. Archaeological Section.
_9628648
942 _hV2:7g, F4
_cTEXL
_2cc
999 _c1037048
_d1037048